000 01040nam a2200265 i 4500
003 IT-RoINE
005 20200417061100.0
008 070806s2007 sp |r o001|||spa|d
020 _a9788496518988
040 _aSpMaBN
_cSpMaBN IT-RoINE
_dIT-RoINE
245 0 0 _aDe justicia de jueces a justicia de leyes :
_bhacia la España de 1870 /
_ccoordinadora, Marta Lorente Sariñena.
260 _aMadrid :
_bConsejo General del Poder Judicial, Centro de Documentación Judicial,
_c[2007]
300 _a460 p. ;
_c22 cm.
336 _2rdacontent
_atext
337 _2rdamedia
_aunmediated
338 _2rdacarrier
_avolume
490 1 _aCuadernos de derecho judicial ;
_x1134-9670
_v6-2006
500 _aIncluye índice.
504 _aBibliografía: p. 429-450.
651 4 _aEspaña
_xHistoria constitucional
_ySiglo 19o.
_96953
650 4 _960473
_aJusticia
_xAdministración
_zEspaña
_xHistoria
_ySiglo 19o.
700 1 _aLorente Sariñena, Marta
_918221
830 0 _aCuadernos de derecho judicial ;
_960474
_v6-2006
942 _cMTS
999 _c30813
_d30813